000 00677nam a22002057a 4500
003 OSt
005 20231004133620.0
008 221006b |||||||| |||| 00| 0 eng d
040 _cBiblioteca Lado V
082 _a708
_bD356h
110 _91147
_aDeclinación Magnética
_eautor
245 _aHasta que los leones no tengan historiadores.../
260 _bMatadero Madrid
_aMadrid
_c2015
300 _c29x39cm
_a23p.
366 _eeng
650 _2Tesauro de Arte & Arquitectura
_aARTE
_9703
650 _2Tesauro de Arte & Arquitectura
_aEXHIBICIÓN
650 _2Tesauro de Arte & Arquitectura
_aARTE CONTEMPORANEO
942 _2ddc
_c1
_h708
_iD356h
_n0
999 _c4459
_d4459